Ovplyvňovanie vlastností betónu prísadami
Gespeichert in:
| 1. Verfasser: | |
|---|---|
| Weitere Verfasser: | , |
| Format: | Buch |
| Sprache: | Slowakisch |
| Veröffentlicht: |
Bratislava :
Nakladateľstvo STU,
2013
|
| Ausgabe: | 1.vyd. |
| Tags: |
Keine Tags, Fügen Sie das erste Tag hinzu!
|
MARC
| LEADER | 00000nam a22000003a 4500 | ||
|---|---|---|---|
| 001 | stu262751 | ||
| 005 | 20220317191049.5 | ||
| 008 | 130218s--------xo------------------slo-d | ||
| 020 | |a 978-80-227-3867-5 | ||
| 040 | |a STU |b slo | ||
| 041 | 0 | |a slo | |
| 044 | |a xo | ||
| 080 | |a 691.3 | ||
| 100 | 1 | |a Unčík, Stanislav, |d 1959- |4 aut |u V260 |9 100 |U SvF Stavebná fakulta |T SvF Katedra materiálového inžinierstva |X 2734 |U V260 |Y 27 |7 A000002734 | |
| 245 | 1 | |a Ovplyvňovanie vlastností betónu prísadami | |
| 250 | |a 1.vyd. | ||
| 260 | |a Bratislava : |b Nakladateľstvo STU, |c 2013 | ||
| 300 | |a 95 s | ||
| 700 | 1 | |a Bilčík, Juraj, |d 1947- |4 rev |u V110 |U SvF Stavebná fakulta |T SvF Katedra betónových konštrukcií a mostov |X 998 |U V110 |Y 11 |7 A000000998 | |
| 700 | 1 | |a Ďurica, Tibor |4 rev | |
| 996 | |b 284V032632 |c V*51740/O-23152b |l VVS |s A |a 24 |w stu262751_0001 | ||
| 996 | |b 284V032631 |c V*51739/O-23152a |l VVS |s A |a 24 |w stu262751_0002 | ||
| 996 | |b 284V032630 |c V*51738/O-23152 |l VVT |s A |a 24 |w stu262751_0003 | ||